Countries by realistic flag/weapon depictions. - Statistics

General Stats
  • This quiz has been taken 19 times
  • The average score is 4 of 19
Answer Stats
Picture Answer % Correct
Mozambique
63%
Ireland
44%
Mauritius
44%
Scotland
44%
Lebanon
38%
Slovakia
31%
Germany
25%
Kiribati
25%
Northern Ireland
25%
North Korea
19%
Eritrea
13%
Eswatini
13%
Mongolia
13%
Qatar
13%
Liberia
6%
Paraguay
6%
St Vincent
6%
The Netherlands
6%
Vanuatu
6%
No matching quizzes found
Score Distribution
Percent of People with Each Score
Percentile by Number Answered
Your Score History
You have not taken this quiz